| 000 | 00539nam a2200181 i 4500 | ||
|---|---|---|---|
| 001 | 104005 | ||
| 003 | ES-MaACL | ||
| 005 | 20250721200220.0 | ||
| 007 | t| | ||
| 008 | 051122s1901 fr ||||1| fre d | ||
| 100 | 1 |
_aMetchnikoff, Elie. _980724 |
|
| 245 | 1 | 2 |
_aL'inmunité dans les maladies infectieuses / _cElie Metchnikoff. |
| 260 |
_aParis : _b[s.n.], _c1901 ( _fBarneond) |
||
| 300 |
_aX, 600 p. ; _c29 cm. |
||
| 650 | 0 | 7 |
_aEnfermedades infecciosas _2embne _9135986 |
| 852 |
_aES-MaACL _jG-14353 |
||
| 999 |
_c104005 _d104005 |
||